| 000 | 00497nam a2200181Ia 4500 | ||
|---|---|---|---|
| 005 | 20250923144249.0 | ||
| 008 | 008 250917s9999 xx 000 0 eng d | ||
| 037 | _aTextual | ||
| 040 |
_aDSWL _beng _cDSWL |
||
| 041 |
_aeng _2eng |
||
| 084 |
_aY:1:7, F8 _qDSWL |
||
| 100 |
_aBury, J.B. _9822998 |
||
| 245 | 4 |
_aThe idea of progress _cby J.B. Bury |
|
| 260 |
_aLondon _bMacmillan _c1928 |
||
| 300 | _a377 p. | ||
| 942 |
_cTEXL _hY:1:7, F8 |
||
| 999 |
_c1436756 _d1436756 |
||